00829nam a2200241Ia 4500001009100000008003700091010001100128020002200139082001900161245012900180250001100309260002600320300001100346503000800357504003100365590001800396650002900414650003400443650004400477650002400521650002300545999001900568IA_5070,10/04/2013,12/04/2013,5232272011 mx aimn8222223322spa16,"220117s xx 000 0 und d a184625 a978-968-24-4100-4 a001.4 P76 1990 aEl protocolo de investigación : lineamientos para su elaboración y análisis /c Ignacio Méndez Ramírez...[et al.] a2a ed. aMéxico :bTrillas, a210 p. aC/e aBibliografía: p. 203-204 aQ180 P76 1990 aDocumentación 933172 aExperimental design 9147260 aInvestigaciónxMetodología 960237 aMethodology9147174 aResearch 9147181 c184625d184625